Mapping class groups of low genus and their cohomology
Αποθηκεύτηκε σε:
| Κύριος συγγραφέας: | |
|---|---|
| Άλλοι συγγραφείς: | |
| Μορφή: | Βιβλίο |
| Γλώσσα: | English |
| Δημοσίευση: |
Providence, R.I., USA :
American Mathematical Society,
c1991
|
| Σειρά: | Memoirs of the American Mathematical Society ;
; 443 |
| Θέματα: | |
| Ετικέτες: |
Προσθήκη ετικέτας
Δεν υπάρχουν, Καταχωρήστε ετικέτα πρώτοι!
|
MARC
| LEADER | 00000cam a2200000 i 4500 | ||
|---|---|---|---|
| 001 | 1/51319 | ||
| 008 | 941103s1991 eng d | ||
| 020 | |a 0821825062 | ||
| 035 | |l 10044110 | ||
| 035 | |a 1993 | ||
| 040 | |a GR-MY-UA |b gre |e aacr | ||
| 041 | 0 | |a eng | |
| 082 | 0 | |a 514 | |
| 100 | 1 | |a Benson, D. J. |q (David J.) |d 1955- | |
| 245 | 1 | 0 | |a Mapping class groups of low genus and their cohomology / |c D.J. Benson, F.R. Cohen |
| 260 | |a Providence, R.I., USA : |b American Mathematical Society, |c c1991 | ||
| 300 | |a iv, 104 p.; |b ill.; |c 26 cm | ||
| 490 | 1 | |a Memoirs of the American Mathematical Society |v ; 443 | |
| 500 | |a "March 1991, volume 90, number 443 (end of volume)." | ||
| 504 | |a Includes bibliographical references | ||
| 650 | 0 | 0 | |a Low-dimensional topology. |
| 650 | 0 | 0 | |a Complexes. |
| 650 | 0 | 0 | |a Mappings (Mathematics) |
| 650 | 0 | 0 | |a Homology theory. |
| 700 | 1 | |a Cohen, Frederick R. |q (FredericK Ronald) |d 1945- | |
| 830 | 0 | |a Memoirs of the American Mathematical Society ; |v ; 443 | |
| 852 | |a INST |b SAMOS |e 19941103 |h 514 BEN |p 005300002488 |q 005300002488 |t BK |y 0 | ||
| 909 | |a Σ |b 030182 | ||